Marcatori dell'Italia agli Europei - Francia 2016 - Statistics

Statistiche generali
  • Questo quiz è stato fatto 28 volte
  • Il punteggio medio è 5 su 6
Statistiche sulle risposte
Partita Minuto Marcatore % Corretto
Belgio - Italia 0-2 92' Graziano Pellè
92%
Italia - Spagna 2-0 91' Graziano Pellè
92%
Italia - Svezia 1-0 88' Éder
88%
Italia - Spagna 2-0 33' Giorgio Chiellini
88%
Germania - Italia 7-6 (d.c.r.) 78' Leonardo Bonucci
85%
Belgio - Italia 0-2 32' Emanuele Giaccherini
73%
Nessun quiz corrispondente trovato
Distribuzione punteggi
Percentuale di utenti per punteggio
Percentile per numero di risposta
I tuoi punteggi nel tempo
Non hai fatto questo quiz